000 01293nam a2200397 a 4500
005 20191224041630.0
008 140305s1983 ck fr|||| 00| 0 spa d
040 _aCO-BoIAVH
_cCO-BoIAVH
041 0 _aspa
044 _ack
082 0 4 _a581.634
_bA66m
100 1 _aArbeláez, Camilo
245 1 0 _aMedicina shamanismo y botánica /
_cFundación Comunidades Colombianas
260 _aBogotá :
_bFundación Comunidades Colombianas,
_c1983.
300 _a156 páginas ;
_c24 x 17 cm.
650 2 6 _aEtnobotánica
650 2 6 _aPlantas medicinales
650 2 6 _aMedicina
650 1 6 _aConocimiento tradicional
650 2 6 _aComunidades indígenas
662 _aColombia
700 1 _aTriana, Adolfo
700 1 _aMéndez, Cesar
700 1 _aZambrano, Francisco
700 1 _aFriedemann de, Nina S.
700 1 _aGarcía Barriga, Hernando
700 1 _aHerrera, Xochilt
700 1 _aLobo Guerrero, Miguel
700 1 _aHildebrand, Martín
700 1 _aJimeno, Myriam
700 1 _aOyuela, Heriberto
700 1 _aReichel Dolmatoff, Gerardo
700 1 _aRiveros, Miguel
700 1 _aPalomares, Germán
942 _cLIBRO
_2ddc
999 _c2279
_d2279